|
|
|
|
| LEADER |
00000cam a2200000 7i4500 |
| 001 |
0000031463 |
| 005 |
20120301.0 |
| 008 |
120301 |
| 020 |
|
|
|a 9675169359
|
| 090 |
0 |
0 |
|a 394.309595
|b SYE
|
| 100 |
1 |
|
|a Syed Mahadzir
|
| 245 |
1 |
0 |
|a Permainan warisan rakyat
|c Syed Mahadzir
|
| 260 |
|
|
|a Kuala Lumpur :
|b E1 Publications ,
|c 2009
|
| 440 |
|
|
|a Siri khazanah budaya
|
| 650 |
|
0 |
|a Games
|z Malaysia
|x juvenile literature
|
| 999 |
|
|
|a 0001141348
|b Book
|c Adult Collection
|e Perbadanan Perpustakaan Awam Johor
|
| 999 |
|
|
|a 0001141349
|b Book
|c Adult Collection
|e Perbadanan Perpustakaan Awam Johor
|
| 999 |
|
|
|a 0001141350
|b Book
|c Adult Collection
|e Perbadanan Perpustakaan Awam Johor
|